| 000 | 00372nam a2200145Ia 4500 | ||
|---|---|---|---|
| 008 | 230917s9999||||xx |||||||||||||| ||und|| | ||
| 040 |
_e14296 _aMAIN |
||
| 041 | _aEnglish | ||
| 082 | _a330.122 D65P | ||
| 100 | _aDobb, Maurice | ||
| 245 | 0 | _aPapers on capitalism, development and planning | |
| 260 |
_aBombay _bAllied Publishers _c1967 |
||
| 300 | _a274 p. | ||
| 942 | _cBK | ||
| 999 |
_c79913 _d79913 |
||